000 00407 a2200157 4500
001 75422
005 20260128112345.0
010 _a978-972-0-72316-1
090 _a75422
100 _a20260128d2024 c||y0pory50 ba
200 _aMundo T-Rex - Por favor, nô me comas!
_fJochen Till
_gil. Raimund Frey
205 _a1®ed
210 _aPorto
_cPorto Editora
_d2024
215 _a68[1]p.
675 _a82
_v1®ed
942 _cMON
_n0